Almunhajiy tul Islamiya wal uloom / (Record no. 93381)
[ view plain ]
| 000 -LEADER | |
|---|---|
| fixed length control field | 00408nam a22001577a 4500 |
| 005 - DATE AND TIME OF LATEST TRANSACTION | |
| control field | 20170511111145.0 |
| 008 - FIXED-LENGTH DATA ELEMENTS--GENERAL INFORMATION | |
| fixed length control field | 170511b xxu||||| |||| 00| 0 eng d |
| 020 ## - INTERNATIONAL STANDARD BOOK NUMBER | |
| International Standard Book Number | 1565641329 |
| 040 ## - CATALOGING SOURCE | |
| Transcribing agency | PK-LaUMT |
| 082 ## - DEWEY DECIMAL CLASSIFICATION NUMBER | |
| Classification number | ZIAC 297.07 |
| Item number | ALM- |
| 245 ## - TITLE STATEMENT | |
| Title | Almunhajiy tul Islamiya wal uloom / |
| 260 ## - PUBLICATION, DISTRIBUTION, ETC. (IMPRINT) | |
| Place of publication, distribution, etc | بیروت: |
| Name of publisher, distributor, etc | المعھد العالمی ، |
| Date of publication, distribution, etc | 1995 |
| 300 ## - PHYSICAL DESCRIPTION | |
| Extent | 652 ص |
| 546 ## - LANGUAGE NOTE | |
| Language note | اردو |
| 942 ## - ADDED ENTRY ELEMENTS (KOHA) | |
| Koha item type | Books |
| Withdrawn status | Lost status | Damaged status | Home library | Current library | Date acquired | Full call number | Barcode | Date last seen | Copy number | Price effective from | Koha item type |
|---|---|---|---|---|---|---|---|---|---|---|---|
| UMT Main Campus | UMT Main Campus | 2017-05-11 | ZIAC 297.07 ALM- | 108659 | 2017-05-11 | V-1 | 2017-05-11 | Books | |||
| UMT Main Campus | UMT Main Campus | 2017-05-11 | ZIAC 297.07 ALM- | 108660 | 2017-05-11 | V-2 | 2017-05-11 | Books |
